000 00251nam a2200097Ia 4500
008 220204s9999 xx 000 0 und d
082 _a678
_bADV.20
245 0 _aAdvances in polymer science. V 20
260 _aBerlin
_bSpringer Verlag
_c1976
942 _cBK
999 _c25460
_d25460